<?xml version="1.0" encoding="UTF-8"?>
<record
    xmlns:xsi="http://www.w3.org/2001/XMLSchema-instance"
    xsi:schemaLocation="http://www.loc.gov/MARC21/slim http://www.loc.gov/standards/marcxml/schema/MARC21slim.xsd"
    xmlns="http://www.loc.gov/MARC21/slim">

  <leader>01870nam a2200265 a 4500</leader>
  <controlfield tag="001">1652392</controlfield>
  <controlfield tag="003">OSt</controlfield>
  <controlfield tag="005">20220606083548.0</controlfield>
  <controlfield tag="008">200218s2019    sp     gr     000 f spa d</controlfield>
  <datafield tag="020" ind1=" " ind2=" ">
    <subfield code="a">9789585423190</subfield>
  </datafield>
  <datafield tag="040" ind1=" " ind2=" ">
    <subfield code="a">CO-BoBLA </subfield>
    <subfield code="b">spa </subfield>
    <subfield code="c">CO-MqBPB</subfield>
  </datafield>
  <datafield tag="043" ind1=" " ind2=" ">
    <subfield code="a">n-mx---</subfield>
  </datafield>
  <datafield tag="082" ind1="0" ind2="4">
    <subfield code="a">AN</subfield>
    <subfield code="b">GARu</subfield>
  </datafield>
  <datafield tag="100" ind1="1" ind2=" ">
    <subfield code="a">Garc&#xFFFD;a Elizondo, Mateo, </subfield>
    <subfield code="d">1987-</subfield>
  </datafield>
  <datafield tag="245" ind1="1" ind2="0">
    <subfield code="a">Una cita con la Lady / </subfield>
    <subfield code="c">Mateo Garc&#xED;a Elizondo.</subfield>
  </datafield>
  <datafield tag="260" ind1=" " ind2=" ">
    <subfield code="a">Barcelona : </subfield>
    <subfield code="b">Editorial Anagrama, </subfield>
    <subfield code="c">2019.</subfield>
  </datafield>
  <datafield tag="300" ind1=" " ind2=" ">
    <subfield code="a">197 p&#xE1;ginas ; </subfield>
    <subfield code="c">22 cm.</subfield>
  </datafield>
  <datafield tag="490" ind1="0" ind2=" ">
    <subfield code="a">Narrativas hisp&#xE1;nicas ; </subfield>
    <subfield code="v">635</subfield>
  </datafield>
  <datafield tag="500" ind1=" " ind2=" ">
    <subfield code="a">Una cita con la Lady. Por Mateo Garc&#xED;a Elizondo. Con una prosa envolvente e hipn&#xF3;tica, Mateo Garc&#xED;a, narra , en este asombroso debut literario, un viaje al coraz&#xF3;n de las  tinieblas, el espectral descenso a los infiernos de un adicto que se adentra en una senda con un &#xFA;nico destino posible, que est&#xE1; cada vez m&#xE1;s cerca.Recomendado del libreroVine a Zapotal para morirme de una buena vez. En cuanto puse un pie en el pueblo me deshice de lo que tra&#xED;a en los bolsillos, de las llaves de la casa que dej&#xE9; abandonada en la ciudad, y de todo el pl&#xE1;stico, todo lo que ten&#xED;a mi nombre o la fotograf&#xED;a de mi rostro. No me quedan m&#xE1;s que tres mil pesos, doscientos gramos de goma de opio y un cuarto de onza de hero&#xED;na, y con esto me tiene que alcanzar para matarme.&#xBB; El protagonista y narrador de esta novela va en busca de la cita definitiva con la lady en forma de polvo blanco, y para ello emprende un viaje al final de la noche en el que se suceder&#xE1;n los encuentros con personajes inquietantes, con los fantasmas de los amigos muertos por el camino, con los recuerdos de la gran ciudad que ha dejado atr&#xE1;s y con su propio pasado.</subfield>
  </datafield>
  <datafield tag="650" ind1=" " ind2="4">
    <subfield code="a">Novela mexicana.</subfield>
  </datafield>
  <datafield tag="650" ind1=" " ind2="4">
    <subfield code="a">Muerte</subfield>
    <subfield code="v"> Novela.</subfield>
  </datafield>
  <datafield tag="650" ind1=" " ind2="4">
    <subfield code="a">Fantasmas</subfield>
    <subfield code="v"> Novela.</subfield>
  </datafield>
  <datafield tag="942" ind1=" " ind2=" ">
    <subfield code="2">ddc</subfield>
    <subfield code="c">BKLIT</subfield>
  </datafield>
  <datafield tag="949" ind1=" " ind2=" ">
    <subfield code="a">n      </subfield>
    <subfield code="b">n</subfield>
  </datafield>
  <datafield tag="999" ind1=" " ind2=" ">
    <subfield code="c">14282</subfield>
    <subfield code="d">14282</subfield>
  </datafield>
  <datafield tag="952" ind1=" " ind2=" ">
    <subfield code="0">0</subfield>
    <subfield code="1">0</subfield>
    <subfield code="2">ddc</subfield>
    <subfield code="4">0</subfield>
    <subfield code="7">0</subfield>
    <subfield code="8">LA</subfield>
    <subfield code="a">BPMOS</subfield>
    <subfield code="b">BPMOS</subfield>
    <subfield code="d">2022-06-06</subfield>
    <subfield code="e">Compra BPSJBM 2022</subfield>
    <subfield code="l">3</subfield>
    <subfield code="o">AN GARu</subfield>
    <subfield code="p">MOS502343</subfield>
    <subfield code="r">2025-07-23</subfield>
    <subfield code="s">2025-07-15</subfield>
    <subfield code="t">EJ 1</subfield>
    <subfield code="w">2022-06-06</subfield>
    <subfield code="y">BKLIT</subfield>
    <subfield code="z">Quince dias</subfield>
  </datafield>
  <datafield tag="952" ind1=" " ind2=" ">
    <subfield code="0">0</subfield>
    <subfield code="1">0</subfield>
    <subfield code="2">ddc</subfield>
    <subfield code="4">0</subfield>
    <subfield code="7">0</subfield>
    <subfield code="8">LA</subfield>
    <subfield code="a">BPMOS</subfield>
    <subfield code="b">BPMOS</subfield>
    <subfield code="d">2022-06-06</subfield>
    <subfield code="e">Compra BPSJBM 2022</subfield>
    <subfield code="l">6</subfield>
    <subfield code="m">2</subfield>
    <subfield code="o">AN GARu</subfield>
    <subfield code="p">MOS502344</subfield>
    <subfield code="r">2025-10-25</subfield>
    <subfield code="s">2025-10-03</subfield>
    <subfield code="t">EJ 2</subfield>
    <subfield code="w">2022-06-06</subfield>
    <subfield code="y">BKLIT</subfield>
    <subfield code="z">Quince dias</subfield>
  </datafield>
</record>
